Диагностика и надежность автоматизированных систем: учебник для вузов

Detalles Bibliográficos
Autor Principal: Бржозовский Б. М. Борис Максович
Outros autores: Мартынов В. В. Владимир Васильевич (редактор), Схиртладзе А. Г. Александр Георгиевич
Summary:В учебнике изложены основные понятия и определения надёжности, а также технической диагностики, рассмотрены основные методы оценки и обеспечения надёжности, принципы организации контроля и диагностирования автоматизированных станков как сложных технологических систем, рассмотрены методы измерения диагностических параметров и математическое обеспечение систем контроля и диагностирования. Показано практическое приложение рассмотренных методов для организации диагностирования автоматизированных станков. Учебник содержит материал по основным направлениям развития исследований в области диагностики и надёжности автоматизированных систем, дополнительные материалы, связанные с обеспечением надёжности и диагностированием их основных подсистем, а также управлением точностью обработки. Предназначен для студентов вузов, обучающихся по направлению "Автоматизация технологических процессов и производств".
Idioma:ruso
Publicado: Старый Оскол, ТНТ, 2020
Edición:2-е изд., перераб. и доп.
Subjects:
Formato: MixedMaterials Libro
KOHA link:https://koha.lib.tpu.ru/cgi-bin/koha/opac-detail.pl?biblionumber=345903

MARC

LEADER 00000nam0a2200000 4500
001 345903
005 20231102005828.0
010 |a 9785941785568 
035 |a (RuTPU)RU\TPU\book\377756 
035 |a RU\TPU\book\176672 
090 |a 345903 
100 |a 20090629d2020 m y0rusy50 ca 
101 0 |a rus 
102 |a RU 
105 |a a j 001zy 
200 1 |a Диагностика и надежность автоматизированных систем  |e учебник для вузов  |f Б. М. Бржозовский, В. В. Мартынов, А. Г. Схиртладзе  |g под ред. Б. М. Бржозовского 
205 |a 2-е изд., перераб. и доп. 
210 |a Старый Оскол  |c ТНТ  |d 2020 
215 |a 352 с.  |c ил. 
320 |a Список литературы: с. 341-348 
330 |a В учебнике изложены основные понятия и определения надёжности, а также технической диагностики, рассмотрены основные методы оценки и обеспечения надёжности, принципы организации контроля и диагностирования автоматизированных станков как сложных технологических систем, рассмотрены методы измерения диагностических параметров и математическое обеспечение систем контроля и диагностирования. Показано практическое приложение рассмотренных методов для организации диагностирования автоматизированных станков. Учебник содержит материал по основным направлениям развития исследований в области диагностики и надёжности автоматизированных систем, дополнительные материалы, связанные с обеспечением надёжности и диагностированием их основных подсистем, а также управлением точностью обработки. Предназначен для студентов вузов, обучающихся по направлению "Автоматизация технологических процессов и производств". 
606 1 |a Металлорежущие станки  |x Автоматическое управление  |x Автоматическое регулирование  |2 stltpush  |3 (RuTPU)RU\TPU\subj\42573  |9 62232 
610 1 |a автоматизированные системы 
610 1 |a надежность 
610 1 |a теория надежности 
610 1 |a металлорежущее оборудование 
610 1 |a автоматизированные станки 
610 1 |a системный анализ 
610 1 |a диагностирование 
610 1 |a контроль 
610 1 |a мониторинг 
610 1 |a диагностические параметры 
610 1 |a человеко-машинные системы 
610 1 |a исследования 
610 1 |a учебники 
675 |a 621.9.06-52(075.8)  |v 4 
700 1 |a Бржозовский  |b Б. М.  |g Борис Максович 
701 1 |a Мартынов  |b В. В.  |g Владимир Васильевич 
701 1 |a Схиртладзе  |b А. Г.  |g Александр Георгиевич 
702 1 |a Бржозовский  |b Б. М.  |g Борис Максович  |4 340 
801 1 |a RU  |b 63413507  |c 20210416 
801 2 |a RU  |b 63413507  |c 20220112  |g RCR 
942 |c BK 
959 |a 3/20210416  |d 4  |e 950,00  |f УФ:4